000 00292nam a22001337a 4500
008 170727b xxu||||| |||| 00| 0 eng d
020 _a9780071604086
041 _aeng
080 _a004
100 _a31
101 _aSHK
245 _aVISUAL STUDIO 2008
_cPLENDERLEITH,J
942 _2udc
_cBK
999 _c21989
_d21989